00201nam a22000857a 4500082001700000100001800017245004000035260003100075300000900106 a355.02 HAS'V aHASTINGS, MAX aVICTORY IN EUROPE, D-DAY TO V-E DAY aBOSTONbLITTLE BROWNc1985 a192P